Book of local and foreign riddles??? / (Record no. 292142)
[ view plain ]
| 000 -LEADER | |
|---|---|
| fixed length control field | 00390nam a2200157Ia 4500 |
| 008 - FIXED-LENGTH DATA ELEMENTS--GENERAL INFORMATION | |
| fixed length control field | 160319s9999 xx 000 0 und d |
| 020 ## - INTERNATIONAL STANDARD BOOK NUMBER | |
| International Standard Book Number | 9715980287 |
| 050 ## - LIBRARY OF CONGRESS CALL NUMBER | |
| Classification number | 398.6 |
| 050 ## - LIBRARY OF CONGRESS CALL NUMBER | |
| Item number | C227b 2008 |
| 100 ## - MAIN ENTRY--PERSONAL NAME | |
| Personal name | Canonigo, C.S |
| 245 ## - TITLE STATEMENT | |
| Title | Book of local and foreign riddles??? / |
| 245 ## - TITLE STATEMENT | |
| Statement of responsibility, etc | C. S. Canonigo. |
| 260 ## - PUBLICATION, DISTRIBUTION, ETC. (IMPRINT) | |
| Name of publisher, distributor, etc | SIBS Pub. House Inc. |
| 260 ## - PUBLICATION, DISTRIBUTION, ETC. (IMPRINT) | |
| Date of publication, distribution, etc | 2002 |
| 300 ## - PHYSICAL DESCRIPTION | |
| Extent | 105 pages : |
| Withdrawn status | Lost status | Damaged status | Home library | Current library | Shelving location | Date acquired | Total Checkouts | Full call number | Barcode | Date last seen | Price effective from | Koha item type |
|---|---|---|---|---|---|---|---|---|---|---|---|---|
| Stonyhurst Southville International School (Batangas) | Stonyhurst Southville International School (Batangas) | Filipiniana Section | 03/19/2016 | Fil 398.6 C227b 2008 | US 1683 | 03/19/2016 | 03/19/2016 | Books |